arte y cultura de dos milenios (Record no. 547)
[ view plain ]
| 000 -CABECERA | |
|---|---|
| campo de control de longitud fija | 00622nam a2200157 a 4500 |
| 001 - NÚMERO DE CONTROL | |
| campo de control | BRCA_624 |
| 005 - FECHA Y HORA DE LA ÚLTIMA TRANSACCIÓN | |
| campo de control | 20190320203103.0 |
| 008 - DATOS DE LONGITUD FIJA--INFORMACIÓN GENERAL | |
| campo de control de longitud fija | 181005s1994----mx-a---###---#000-0#spa-d |
| 050 #4 - SIGNATURA TOPOGRÁFICA DE LA BIBLIOTECA DEL CONGRESO | |
| Número de clasificación | N2940 |
| Número de documento/Ítem | .A68 1994 |
| 245 10 - MENCIÓN DE TÍTULO | |
| Título | arte y cultura de dos milenios |
| Resto del título | tesoros artísticos del Vaticano. |
| 260 ## - PUBLICACIÓN, DISTRIBUCIÓN, ETC. | |
| Lugar de publicación, distribución, etc. | México |
| Nombre del editor, distribuidor, etc. | Colegio de San Ildefonso |
| Fecha de publicación, distribución, etc. | 1994 |
| 300 ## - DESCRIPCIÓN FÍSICA | |
| Extensión | 30 p. |
| Otras características físicas | il. a color |
| Dimensiones | 30 cm. |
| 500 ## - NOTA GENERAL | |
| Nota general | Catálogo de la exposición realizada en el Antiguo Colegio de San Ildefonso (Ciudad de México), 16 noviembre 1993 - 16 febrero, 1994 |
| 650 14 - PUNTO DE ACCESO ADICIONAL DE MATERIA--TÉRMINO DE MATERIA | |
| Término de materia o nombre geográfico como elemento de entrada | Arte |
| Subdivisión de forma | Exposiciones |
| Subdivisión general | Galerías y museos |
| Subdivisión geográfica | Vaticano (Ciudad) |
| 9 (RLIN) | 2121 |
| 942 ## - ELEMENTOS DE PUNTO DE ACCESO ADICIONAL (KOHA) | |
| Fuente del sistema de clasificación o colocación | Library of Congress Classification |
| Tipo de ítem Koha | Libros |
| Estado de retiro | Estado de pérdida | Estado dañado | No para préstamo | Localización permanente | Ubicación/localización actual | Fecha de adquisición | Total de préstamos | Signatura topográfica completa | Código de barras | Fecha visto por última vez | Precio válido a partir de | Tipo de ítem Koha |
|---|---|---|---|---|---|---|---|---|---|---|---|---|
| El ejemplar forma parte de la colección y puede ser consultado según las políticas vigentes. | Biblioteca del Museo Franz Mayer (Rogerio Casas-Alatriste) | Biblioteca del Museo Franz Mayer (Rogerio Casas-Alatriste) | 25/06/2008 | N2940 .A68 1994 | 00953 | 22/03/2019 | 22/03/2019 | Libros |